[Event "Online Olym Top DivC 2021"]
[Site "chess.com INT"]
[Date "2021.09.10"]
[Round "6.4"]
[Board "3"]
[White "Fernandez, Maria Florencia"]
[Black "Goryachkina, Aleksandra"]
[Result "0-1"]
[WhiteTitle "WIM"]
[BlackTitle "GM"]
[WhiteElo "2229"]
[BlackElo "2608"]
[WhiteTeam "Argentina"]
[BlackTeam "Russia"]
[WhiteFideId "116459"]
[BlackFideId "4147103"]
[EventDate "2021.09.09"]
[EventType "team"]

1. d4 Nf6 2. c4 e6 3. Nf3 d5 4. Nc3 c6 5. e3 Nbd7 6. Be2 Bd6 7. O-O O-O 8. b3 b6
9. Bb2 Bb7 10. Qc2 Qe7 11. e4 Nxe4 12. Nxe4 dxe4 13. Qxe4 f5 14. Qc2 c5 15. Rfe1
Rad8 16. Rad1 Be4 17. Qc1 Kh8 18. Ng5 cxd4 19. Nxe4 fxe4 20. Bxd4 Bc5 21. Qe3
Nf6 22. Bxc5 bxc5 23. f3 Rxd1 24. Rxd1 exf3 25. Bxf3 e5 26. Re1 e4 27. Bd1 Qe5
28. h3 h6 29. Bc2 Rd8 30. a3 a5 31. Re2 Qa1+ 32. Re1 Qxa3 33. Bxe4 Re8 34. Qf3
a4 35. Re3 axb3 36. Bc6 Qc1+ 0-1

[Event "Online Olym Top DivC 2021"]
[Site "chess.com INT"]
[Date "2021.09.10"]
[Round "6.4"]
[Board "4"]
[White "Kosteniuk, Alexandra"]
[Black "Besso, Guadalupe"]
[Result "1-0"]
[WhiteTitle "GM"]
[BlackTitle "WIM"]
[WhiteElo "2526"]
[BlackElo "2111"]
[WhiteTeam "Russia"]
[BlackTeam "Argentina"]
[WhiteFideId "4128125"]
[BlackFideId "123161"]
[EventDate "2021.09.09"]
[EventType "team"]

1. e4 c5 2. Nf3 d6 3. Bb5+ Bd7 4. Bxd7+ Qxd7 5. O-O Nc6 6. c3 Nf6 7. Qe2 e6 8.
d4 cxd4 9. cxd4 d5 10. e5 Ne4 11. Be3 Be7 12. Ne1 f5 13. f3 Ng5 14. Nd2 O-O 15.
Nd3 f4 16. Bf2 Rf5 17. Nb3 b6 18. Rac1 Raf8 19. Rc2 Bd8 20. Qd2 h6 21. Rfc1 Ne7
22. Qb4 Ng6 23. Qd6 Qf7 24. Rc8 Be7 25. Qd7 Rxc8 26. Rxc8+ Bf8 27. Qxf7+ Rxf7
28. h4 Nh7 29. Rc6 Be7 30. Rxe6 Nxh4 31. Rxe7 Rxe7 32. Bxh4 g5 33. Be1 Kf7 34.
Nb4 Ke6 35. Na6 Rf7 36. Bb4 Nf8 37. Bd6 Kd7 38. Nb4 Ne6 39. Nxd5 h5 40. Nc3 g4
41. d5 Ng5 42. Nd4 gxf3 43. gxf3 Rg7 44. Kh2 Nf7 45. e6+ 1-0

[Event "Online Olym Top DivC 2021"]
[Site "chess.com INT"]
[Date "2021.09.10"]
[Round "6.4"]
[Board "5"]
[White "Coro, Lucas"]
[Black "Esipenko, Andrey"]
[Result "0-1"]
[WhiteTitle "IM"]
[BlackTitle "GM"]
[WhiteElo "2352"]
[BlackElo "2720"]
[WhiteTeam "Argentina"]
[BlackTeam "Russia"]
[WhiteFideId "147222"]
[BlackFideId "24175439"]
[EventDate "2021.09.09"]
[EventType "team"]

1. e4 e5 2. Nf3 Nc6 3. Bb5 a6 4. Ba4 Nf6 5. O-O Be7 6. Re1 b5 7. Bb3 O-O 8. a4
b4 9. d3 d6 10. a5 Be6 11. Nbd2 Bxb3 12. Nxb3 Rb8 13. d4 Rb5 14. Qd3 Qc8 15. d5
Nb8 16. Bg5 Nbd7 17. Nbd2 c6 18. dxc6 Qxc6 19. Bxf6 Bxf6 20. Nc4 d5 21. exd5
Rxd5 22. Qe2 Rc8 23. Nfd2 Bg5 24. Rad1 Bxd2 25. Rxd2 Rxd2 26. Nxd2 h6 27. h3 Nf6
28. Nf3 e4 29. Nd4 Qc4 30. Qe3 Qd5 31. Ra1 Rc4 32. Rd1 Qxa5 33. Qf4 Qd8 34. Qc1
Rxd4 0-1

[Event "Online Olym Top DivC 2021"]
[Site "chess.com INT"]
[Date "2021.09.10"]
[Round "6.4"]
[Board "6"]
[White "Shuvalova, Polina"]
[Black "Francisco Guecamburu, Candela Be"]
[Result "1-0"]
[WhiteTitle "IM"]
[BlackTitle "WFM"]
[WhiteElo "2510"]
[BlackElo "2034"]
[WhiteTeam "Russia"]
[BlackTeam "Argentina"]
[WhiteFideId "24171760"]
[BlackFideId "160911"]
[EventDate "2021.09.09"]
[EventType "team"]

1. e4 c5 2. Nf3 a6 3. c3 g6 4. d4 cxd4 5. cxd4 d5 6. e5 Bg4 7. Be3 Bxf3 8. Qxf3
Nc6 9. Nc3 e6 10. Bd3 Rc8 11. O-O h5 12. Rac1 Nh6 13. a3 Nf5 14. Ne2 Be7 15. b4
b5 16. Rc2 Na7 17. Rfc1 Rxc2 18. Rxc2 Nc8 19. a4 Bxb4 20. axb5 axb5 21. Bxb5+
Kf8 22. h3 h4 23. Bd3 Nb6 24. Rc6 Nd7 25. Nf4 Qa8 26. Nxg6+ Kg7 27. Ra6 Qxa6 28.
Bxa6 fxg6 29. Bb5 Nf8 30. Qd1 Nxe3 31. fxe3 Rh5 32. Be2 Rf5 33. Bg4 Rf7 34. Kh2
Be7 35. Bf3 Bg5 36. Qd3 Rc7 37. Qa3 Be7 38. Qa5 Rc1 39. Qa7 Kf7 40. e4 dxe4 41.
Bxe4 Ke8 42. d5 Bc5 43. Qa8+ Kf7 44. g3 Re1 45. gxh4 Re2+ 46. Kg3 Re3+ 47. Kf4
Rxh3 48. Kg4 Re3 49. Qb7+ Kg8 50. d6 Re1 51. Kf3 Rd1 52. Qb3 Rf1+ 53. Kg2 Rf2+
54. Kg3 Re2 55. Qc4 Re3+ 56. Kf4 Ba7 57. d7 Nxd7 58. Qxe6+ Kf8 59. Qxd7 Bb6 60.
Qd6+ Kg7 61. Qf6+ Kg8 62. Qxg6+ Kf8 63. Qf6+ Kg8 64. Bd5+ Kh7 65. Qxb6 Re1 66.
Qc7+ Kh6 67. Qd6+ Kh7 68. Be4+ Kg7 69. Qf6+ Kg8 70. Qg6+ Kf8 71. e6 Rf1+ 72. Bf3
Ke7 73. Qf7+ Kd6 74. e7 Re1 75. e8=Q Re4+ 76. Qxe4 1-0

[Event "Online Olym Top DivC 2021"]
[Site "chess.com INT"]
[Date "2021.09.10"]
[Round "6.5"]
[Board "1"]
[White "Vocaturo, Daniele"]
[Black "Perez Candelario, Manuel"]
[Result "1/2-1/2"]
[WhiteTitle "GM"]
[BlackTitle "GM"]
[WhiteElo "2626"]
[BlackElo "2586"]
[WhiteTeam "Italy"]
[BlackTeam "Spain"]
[WhiteFideId "813192"]
[BlackFideId "2210622"]
[EventDate "2021.09.09"]
[EventType "team"]

1. Nf3 d5 2. g3 Bg4 3. Bg2 Nd7 4. c4 dxc4 5. Na3 c6 6. Nxc4 Ngf6 7. O-O e6 8. d4
Be7 9. Qb3 Nb6 10. Nce5 Bxf3 11. Nxf3 O-O 12. Bd2 Qd5 13. Qc2 Qe4 14. Qxe4 Nxe4
15. Be1 Nf6 16. Rc1 a5 17. a3 Rfd8 18. e3 Ne8 19. Ne5 Nd6 20. Rc2 Kf8 21. Bd2
Nd7 22. Nd3 Nb5 23. Rfc1 g6 24. Be1 h5 25. h4 Nd6 26. Kf1 Nf5 27. Ke2 Bd6 28.
Bc3 Be7 29. Bd2 Bd6 30. a4 Nb6 31. b3 Nd7 32. Bc3 Bc7 33. Bb2 Bb6 34. Rd1 Kg8
35. Bc3 Kf8 36. Nb2 Bc7 37. Nc4 Ne7 38. e4 Re8 39. Bb2 Kg8 40. Ba3 Nc8 41. Kf1
Ndb6 42. Ne3 Bd6 43. Bb2 Ne7 44. Bc3 Red8 45. Ke2 Re8 46. Rb1 Nd7 47. Nc4 Bc7
48. Rd1 Nc8 49. Kf1 Nd6 50. Ne3 Rad8 51. Bb2 Nb8 52. d5 exd5 53. exd5 Bb6 54.
Bf6 Rd7 55. Bh3 Bxe3 56. dxc6 Rc7 57. Rxd6 Ba7 58. Re2 Rf8 59. Be7 Nxc6 60. Bxf8
Kxf8 61. Rd7 Rxd7 62. Bxd7 Nd4 63. Re3 Bc5 64. Rd3 b6 65. Bb5 Ke7 66. Bc4 f5 67.
Re3+ Kf6 68. Re8 Bd6 69. Ke1 Bb4+ 70. Kf1 Bc5 71. Kg2 Bd6 72. f3 Bc5 73. Re1 Kg7
74. Re8 Kf6 75. g4 fxg4 76. fxg4 hxg4 77. Kg3 Nf5+ 78. Kxg4 Ne7 79. Kf4 Bd6+ 80.
Ke4 Bc5 81. Rf8+ Kg7 82. Rf7+ Kh6 83. Be6 Bd6 84. Kd4 Bc5+ 85. Ke4 Bd6 86. Bg4
Bc5 87. Ke5 Nc6+ 88. Kd5 Nd4 89. Bd1 Nf5 90. Kc6 Nxh4 91. b4 Bxb4 92. Kxb6 Nf5
93. Bc2 Kg5 94. Bb1 Ne7 95. Rf1 Kh6 96. Be4 g5 97. Rf6+ Kg7 98. Rf1 Kh6 99. Rg1
Ng6 100. Kb5 Ne5 101. Rh1+ Kg7 102. Rh7+ Kf6 103. Rh6+ Kg7 104. Rh5 Kf6 105.
Rh6+ Kg7 106. Rh7+ Kf6 107. Rh6+ 1/2-1/2

[Event "Online Olym Top DivC 2021"]
[Site "chess.com INT"]
[Date "2021.09.10"]
[Round "6.5"]
[Board "2"]
[White "Salgado Lopez, Ivan"]
[Black "Moroni, Luca Jr"]
[Result "0-1"]
[WhiteTitle "GM"]
[BlackTitle "GM"]
[WhiteElo "2604"]
[BlackElo "2566"]
[WhiteTeam "Spain"]
[BlackTeam "Italy"]
[WhiteFideId "2257327"]
[BlackFideId "865834"]
[EventDate "2021.09.09"]
[EventType "team"]

1. Nf3 d5 2. b3 Nf6 3. Bb2 b6 4. c4 e6 5. cxd5 exd5 6. g3 Bb7 7. Bg2 Nbd7 8. O-O
Bd6 9. Nh4 g6 10. Nc3 O-O 11. Nb5 Be7 12. d3 Re8 13. Nf3 a6 14. Nc3 Bf8 15. Rc1
Rc8 16. Re1 Bh6 17. e3 Bg7 18. Re2 Nc5 19. Rec2 Ne6 20. Ne2 c5 21. d4 Ne4 22.
dxc5 Bxb2 23. Rxb2 bxc5 24. Rbc2 Qf6 25. Nc3 Nxc3 26. Rxc3 d4 27. exd4 Nxd4 28.
Nxd4 cxd4 29. Rxc8 Bxc8 30. Qf3 Qg5 31. Qc6 Bd7 32. f4 Bxc6 33. fxg5 Bxg2 34.
Kxg2 Re2+ 35. Kh3 Rxa2 36. Rd1 Ra3 37. Rxd4 Rxb3 38. Rd8+ Kg7 39. Ra8 Ra3 40.
Kg4 h6 41. h4 a5 42. Kf4 a4 43. Kg4 Ra1 44. Kf3 a3 45. Kg2 Ra2+ 46. Kg1 hxg5 47.
hxg5 f5 48. Ra6 Kf7 49. Kh1 Ke7 50. Kg1 Kd7 51. Kh1 Kc7 52. Rxg6 Rb2 53. Ra6 a2
54. g6 Rb1+ 55. Kg2 a1=Q 56. Rxa1 Rxa1 57. Kf3 Ra4 0-1

[Event "Online Olym Top DivC 2021"]
[Site "chess.com INT"]
[Date "2021.09.10"]
[Round "6.5"]
[Board "3"]
[White "Brunello, Marina"]
[Black "Vega Gutierrez, Sabrina"]
[Result "1-0"]
[WhiteTitle "IM"]
[BlackTitle "IM"]
[WhiteElo "2354"]
[BlackElo "2397"]
[WhiteTeam "Italy"]
[BlackTeam "Spain"]
[WhiteFideId "822590"]
[BlackFideId "2219026"]
[EventDate "2021.09.09"]
[EventType "team"]

1. e4 c5 2. Nf3 e6 3. d4 cxd4 4. Nxd4 Nf6 5. c3 Nxe4 6. Bd3 Nf6 7. O-O Nc6 8. f4
Bc5 9. Bc2 Qb6 10. Kh1 h5 11. Nd2 Bxd4 12. cxd4 Qxd4 13. Qe2 b6 14. Nf3 Qd6 15.
Bd2 Nd5 16. f5 Ncb4 17. Bb3 Ba6 18. Qe4 Bd3 19. Bxb4 Bxe4 20. Bxd6 Bxf5 21. Bxd5
exd5 22. Rae1+ Be6 23. Nd4 Rh6 24. h3 Rg6 25. Rf2 Rc8 26. Rc2 Rxc2 27. Nxc2 Kd8
28. Be5 f6 29. Bd4 Rg3 30. Ne3 Kc7 31. Kh2 h4 32. Rc1+ Kd6 33. Rc3 f5 34. Nc2
Rg6 35. Ne1 f4 36. Nf3 Rh6 37. Be5+ Ke7 38. Bxf4 Rh8 39. Nxh4 1-0

[Event "Online Olym Top DivC 2021"]
[Site "chess.com INT"]
[Date "2021.09.10"]
[Round "6.5"]
[Board "4"]
[White "Matnadze, Ana"]
[Black "Sedina, Elena"]
[Result "1-0"]
[WhiteTitle "IM"]
[BlackTitle "IM"]
[WhiteElo "2418"]
[BlackElo "2259"]
[WhiteTeam "Spain"]
[BlackTeam "Italy"]
[WhiteFideId "13601377"]
[BlackFideId "812153"]
[EventDate "2021.09.09"]
[EventType "team"]

1. d4 d5 2. Nf3 Nf6 3. g3 Bf5 4. Bg2 c6 5. O-O e6 6. c4 Nbd7 7. Nc3 h6 8. Qb3
Qb6 9. c5 Qa6 10. Re1 b6 11. cxb6 axb6 12. Ne5 Nxe5 13. dxe5 Nd7 14. e4 Nc5 15.
Qd1 dxe4 16. Nxe4 Rd8 17. Nd6+ Bxd6 18. exd6 O-O 19. Bf4 Nd3 20. Bf1 g5 21. Be5
f6 22. Re3 fxe5 23. Bxd3 Bxd3 24. Rxd3 Rd7 25. Qb3 Rf6 26. Rad1 b5 27. Rf3 Rxf3
28. Qxf3 Qa4 29. b3 Qxa2 30. Qxc6 Qa7 31. Qxb5 e4 32. Qe5 Rf7 33. Rd2 Qa3 34.
Qc3 Qa7 35. d7 1-0

[Event "Online Olym Top DivC 2021"]
[Site "chess.com INT"]
[Date "2021.09.10"]
[Round "6.5"]
[Board "5"]
[White "Sonis, Francesco"]
[Black "Henderson de La Fuente, Lance"]
[Result "1/2-1/2"]
[WhiteTitle "IM"]
[BlackTitle "GM"]
[WhiteElo "2523"]
[BlackElo "2491"]
[WhiteTeam "Italy"]
[BlackTeam "Spain"]
[WhiteFideId "895733"]
[BlackFideId "32096585"]
[EventDate "2021.09.09"]
[EventType "team"]

1. Nf3 c5 2. c4 Nc6 3. Nc3 e5 4. g3 g6 5. Bg2 Bg7 6. d3 Nge7 7. Nd2 d6 8. Nf1
O-O 9. Ne3 Be6 10. O-O Qd7 11. Re1 Bh3 12. Bh1 f5 13. Ned5 Nxd5 14. Bxd5+ Kh8
15. e3 f4 16. exf4 exf4 17. Bxf4 Nd4 18. Qd2 Bg4 19. Re3 Rxf4 20. gxf4 Bh6 21.
f3 Bxf4 22. fxg4 Bxe3+ 23. Qxe3 Nc2 24. Qc1 Qxg4+ 25. Kh1 Nxa1 26. Qxa1 Rf8 27.
Qe1 b6 28. Bg2 Qf5 29. Ne4 Qe5 30. Qc3 Kg7 31. Kg1 h5 32. Bf1 Qxc3 33. bxc3 Rd8
34. Bg2 d5 35. cxd5 Rxd5 36. Nf2 Re5 37. Kf1 g5 38. c4 g4 39. Ne4 h4 40. Ke2 Kg6
41. Ke3 Kf5 42. Bf1 Re7 43. Be2 Rg7 44. Bf1 Ke5 45. Bg2 Rf7 46. Nf2 Rg7 47. Ne4
Re7 48. Nf2 Kf5+ 49. Ne4 Ke5 50. Nf2 Rg7 51. Ne4 1/2-1/2

[Event "Online Olym Top DivC 2021"]
[Site "chess.com INT"]
[Date "2021.09.10"]
[Round "6.5"]
[Board "6"]
[White "Eizaguerri Floris, Maria"]
[Black "Grimaldi, Angela Flavia"]
[Result "1-0"]
[WhiteTitle "FM"]
[BlackTitle "WFM"]
[WhiteElo "2328"]
[BlackElo "2078"]
[WhiteTeam "Spain"]
[BlackTeam "Italy"]
[WhiteFideId "32065752"]
[BlackFideId "2805214"]
[EventDate "2021.09.09"]
[EventType "team"]

1. e4 c5 2. Nf3 g6 3. d4 cxd4 4. Nxd4 Nc6 5. c4 Nf6 6. Nc3 d6 7. Be2 Nxd4 8.
Qxd4 Bg7 9. Be3 O-O 10. Qd3 a5 11. O-O a4 12. Bd4 Be6 13. f4 Qa5 14. Rad1 Nd7
15. f5 Nc5 16. Qe3 Bxd4 17. Qxd4 Bd7 18. f6 Ne6 19. Qe3 Qc5 20. Qxc5 Nxc5 21.
fxe7 Rfe8 22. Nd5 Nxe4 23. Nc7 Rac8 24. Nxe8 Rxe8 25. Bf3 Rxe7 26. Bxe4 Rxe4 27.
Rxd6 Bc6 28. Rdf6 Rxc4 29. Rxf7 Rc2 30. R7f2 Rc5 31. h3 Bd5 32. a3 Rb5 33. Rd2
Kg7 34. Rf4 Ra5 35. Rdd4 Bc6 36. Rd2 Rc5 37. Rdf2 Re5 38. Rf7+ Kh6 39. Rc7 Rb5
40. Kh2 Rb3 41. h4 Bd5 42. Re2 Rb6 43. Ree7 Kh5 44. Re5+ 1-0

[Event "Online Olym Top DivC 2021"]
[Site "chess.com INT"]
[Date "2021.09.11"]
[Round "7.1"]
[Board "1"]
[White "Perez Candelario, Manuel"]
[Black "Mustaps, Matiss"]
[Result "1/2-1/2"]
[WhiteTitle "GM"]
[BlackTitle "FM"]
[WhiteElo "2586"]
[BlackElo "2356"]
[WhiteTeam "Spain"]
[BlackTeam "Latvia"]
[WhiteFideId "2210622"]
[BlackFideId "11602295"]
[EventDate "2021.09.09"]
[EventType "team"]

1. e4 c5 2. Nf3 g6 3. d4 cxd4 4. Qxd4 Nf6 5. Nc3 Nc6 6. Qa4 d6 7. e5 Ng4 8. exd6
Bg7 9. h3 Ne5 10. Nxe5 Bxe5 11. dxe7 Qxe7 12. Be3 Be6 13. Bc4 O-O 14. Bxe6 Bxc3+
15. bxc3 Qxe6 16. O-O Rac8 17. c4 Ne5 18. c5 Qd7 19. Qf4 Rfe8 20. Rab1 Nc6 21.
Rfd1 Qe7 22. Rd6 Nd8 23. Qa4 Nc6 24. Rbd1 Qe4 25. Qb3 Na5 26. Qd3 Nc4 27. Qxe4
Rxe4 28. Rd8+ Re8 29. Rxe8+ Rxe8 30. Bd4 Ne5 31. Kf1 Nc6 32. Bf6 Re6 33. Bc3 Kf8
34. Rd7 Re7 35. Rd6 Ke8 36. a3 Rd7 37. Rd3 Rxd3 38. cxd3 Kd7 39. Ke2 Ke6 40. d4
Kd5 41. Kd3 f5 42. g4 fxg4 43. hxg4 h5 44. gxh5 gxh5 45. Ke3 h4 46. Kf4 Nxd4 47.
Kg4 Kxc5 48. Kxh4 Ne2 49. Bb2 Kc4 50. Kg4 b5 51. f4 Nxf4 52. Kxf4 Kb3 53. Bc1 a5
54. Ke4 b4 55. axb4 axb4 56. Kd3 Ka2 57. Kc4 b3 58. Kc3 b2 59. Bxb2 1/2-1/2

[Event "Online Olym Top DivC 2021"]
[Site "chess.com INT"]
[Date "2021.09.11"]
[Round "7.1"]
[Board "2"]
[White "Lavendelis, Egons"]
[Black "Salgado Lopez, Ivan"]
[Result "0-1"]
[WhiteTitle "FM"]
[BlackTitle "GM"]
[WhiteElo "2304"]
[BlackElo "2604"]
[WhiteTeam "Latvia"]
[BlackTeam "Spain"]
[WhiteFideId "11601647"]
[BlackFideId "2257327"]
[EventDate "2021.09.09"]
[EventType "team"]

1. e4 c6 2. d4 d5 3. Nc3 dxe4 4. Nxe4 Nf6 5. Nxf6+ exf6 6. g3 Bd6 7. Bg2 O-O 8.
Nf3 Re8+ 9. Be3 Bg4 10. O-O Nd7 11. Qd2 Nb6 12. Bf4 Bf8 13. c3 Qd7 14. Rfe1 Nd5
15. Rxe8 Rxe8 16. Re1 g5 17. Rxe8 Qxe8 18. Be3 Qe4 19. Ne1 Qb1 20. b3 Nxe3 21.
fxe3 Bf5 22. Kf2 Ba3 23. c4 Bg6 24. Qe2 Bb4 25. Nf3 Bd3 26. Nd2 Qc2 27. Be4 Bxe4
28. Nxe4 Qxe4 0-1

[Event "Online Olym Top DivC 2021"]
[Site "chess.com INT"]
[Date "2021.09.11"]
[Round "7.1"]
[Board "3"]
[White "Matnadze, Ana"]
[Black "Rogule, Laura"]
[Result "0-1"]
[WhiteTitle "IM"]
[BlackTitle "WGM"]
[WhiteElo "2418"]
[BlackElo "2286"]
[WhiteTeam "Spain"]
[BlackTeam "Latvia"]
[WhiteFideId "13601377"]
[BlackFideId "11601876"]
[EventDate "2021.09.09"]
[EventType "team"]

1. d4 Nf6 2. Nf3 d5 3. g3 c6 4. Bg2 Bf5 5. O-O h6 6. c4 e6 7. Nc3 Nbd7 8. Qb3
Qb6 9. c5 Qxb3 10. axb3 a6 11. b4 Rc8 12. Nd2 e5 13. dxe5 Nxe5 14. e4 dxe4 15.
Ndxe4 Nxe4 16. Nxe4 f6 17. Bf4 Nd3 18. Bd2 Nxb2 19. Rfe1 Kf7 20. Bf1 Be6 21. Bc3
Nc4 22. f4 Be7 23. Rac1 Na3 24. Ba1 Rhe8 25. Nf2 Bd5 26. f5 Bd8 27. Bb2 Rxe1 28.
Rxe1 Nc2 29. Rb1 Nxb4 30. Bc3 a5 31. Be2 Be7 32. Bd4 Rd8 33. Rc1 Bb3 34. Bb2 Rd2
35. Bh5+ Kf8 36. Bc3 Rxf2 37. Bxb4 Rxf5 38. g4 Rxh5 39. gxh5 axb4 40. Kf2 Bf7
41. Ke3 Bxh5 42. Kd4 Bf7 43. Ra1 Bd5 44. Ra8+ Kf7 45. Rb8 b3 46. Rxb7 Ke6 47.
Rb8 f5 48. Kc3 Bxc5 49. Re8+ Kf7 50. Re2 Be7 51. Rf2 Bf6+ 52. Kd2 b2 53. Kc2
Be4+ 0-1

[Event "Online Olym Top DivC 2021"]
[Site "chess.com INT"]
[Date "2021.09.11"]
[Round "7.1"]
[Board "4"]
[White "Vidruska, Renate"]
[Black "Garcia Martin, Marta"]
[Result "0-1"]
[WhiteTitle "WFM"]
[BlackTitle "IM"]
[WhiteElo "2000"]
[BlackElo "2308"]
[WhiteTeam "Latvia"]
[BlackTeam "Spain"]
[WhiteFideId "11601841"]
[BlackFideId "32084030"]
[EventDate "2021.09.09"]
[EventType "team"]

1. e4 c5 2. Nf3 e6 3. d4 cxd4 4. Nxd4 a6 5. Nc3 Bb4 6. Bd3 d6 7. Bd2 Nf6 8. Qe2
O-O 9. O-O-O Qc7 10. g4 Nc6 11. Nxc6 bxc6 12. g5 Nd7 13. f4 Rb8 14. Rdf1 Qa5 15.
h4 Nc5 16. h5 d5 17. h6 g6 18. exd5 Nxd3+ 19. Qxd3 exd5 20. Qd4 f6 21. gxf6 Qc5
22. Qxc5 Bxc5 23. Ne2 Rxf6 24. Bc3 Rf7 25. Nd4 Bd7 26. b3 Re8 27. Kb2 Re4 28.
Rd1 Rfxf4 29. b4 Bxd4 30. Bxd4 Rxd4 31. Rde1 Rxb4+ 32. Kc1 Rbe4 0-1

[Event "Online Olym Top DivC 2021"]
[Site "chess.com INT"]
[Date "2021.09.11"]
[Round "7.1"]
[Board "5"]
[White "Henderson de La Fuente, Lance"]
[Black "Semjonovs, Ilja"]
[Result "1/2-1/2"]
[WhiteTitle "GM"]
[BlackTitle "FM"]
[WhiteElo "2491"]
[BlackElo "2383"]
[WhiteTeam "Spain"]
[BlackTeam "Latvia"]
[WhiteFideId "32096585"]
[BlackFideId "11604263"]
[EventDate "2021.09.09"]
[EventType "team"]

1. d4 Nf6 2. Nf3 c5 3. d5 e6 4. c4 b5 5. dxe6 fxe6 6. cxb5 d5 7. e3 Be7 8. Be2
O-O 9. O-O Bb7 10. Nc3 Qd6 11. e4 dxe4 12. Qxd6 Bxd6 13. Ng5 Bd5 14. Rd1 Rd8 15.
Nh3 Nbd7 16. a4 Ne5 17. Bg5 Bb7 18. Nf4 Kf7 19. a5 Rac8 20. Na4 h6 21. Bxf6 gxf6
22. a6 Ba8 23. b6 axb6 24. Nxb6 Rb8 25. Nxa8 Rxa8 26. Ra4 f5 27. g3 Ke7 28. Kg2
Ra7 29. h3 Rb8 30. Rd2 Rc8 31. Rc2 Rcc7 32. Bb5 c4 33. b3 cxb3 34. Rb2 Rc2 35.
Rxb3 Bc5 36. Ne2 Nd3 37. Kf1 Nc1 38. Nxc1 Rxc1+ 39. Ke2 Rc2+ 40. Kd1 Rxf2 41.
Rc4 Kd6 42. Rbc3 Rc7 43. Ra4 Ba7 44. Rac4 Rxc4 45. Rxc4 Rb2 46. Be8 Rb6 47. Ra4
Ke5 48. Ke2 Rb2+ 49. Kd1 e3 50. Bc6 Rd2+ 51. Ke1 Rc2 52. Bf3 Rb2 53. Rc4 Rb6 54.
Ra4 Rd6 55. h4 Rb6 56. Ke2 Rb2+ 57. Ke1 Rb6 58. Ke2 Rb2+ 59. Ke1 Rb6 1/2-1/2

[Event "Online Olym Top DivC 2021"]
[Site "chess.com INT"]
[Date "2021.09.11"]
[Round "7.1"]
[Board "6"]
[White "Golsta, Madara"]
[Black "Eizaguerri Floris, Maria"]
[Result "0-1"]
[BlackTitle "FM"]
[WhiteElo "1967"]
[BlackElo "2328"]
[WhiteTeam "Latvia"]
[BlackTeam "Spain"]
[WhiteFideId "11607386"]
[BlackFideId "32065752"]
[EventDate "2021.09.09"]
[EventType "team"]

1. e4 c5 2. Nf3 e6 3. d4 cxd4 4. Nxd4 Nc6 5. Nc3 a6 6. Nxc6 bxc6 7. Bd3 d5 8.
O-O Be7 9. Qe2 Nf6 10. e5 Nd7 11. Nd1 Nc5 12. Qg4 g6 13. Bh6 Rb8 14. b3 Nxd3 15.
cxd3 Rb4 16. Qf3 c5 17. Ne3 Bb7 18. Ng4 Rg8 19. Bd2 Rb5 20. d4 h5 21. Nf6+ Bxf6
22. exf6 cxd4 23. Rfe1 Kd7 24. Rac1 Qb6 25. b4 d3 26. a4 d4 27. Qg3 Rd5 28. a5
h4 29. Qg4 Qb5 30. Bf4 Rc8 31. Rxc8 Kxc8 32. Rc1+ Bc6 33. Qxh4 Rh5 34. Qg3 Kb7
35. Bb8 e5 36. Bd6 Qd5 37. Be7 Qb5 38. Rd1 d2 39. Rxd2 Qc4 40. Rd1 Ba4 41. Qf3+
Bc6 42. Qg3 Qd5 43. Rc1 d3 44. Rc5 Qd4 45. Rc1 d2 46. Rd1 Ba4 47. Qf3+ e4 48.
Qe2 Bxd1 49. Qxd1 Rd5 50. Bc5 Qb2 51. Kf1 Qc1 52. Ke2 Qc4+ 53. Ke3 Rd3+ 54. Ke2
Rc3+ 0-1

[Event "Online Olym Top DivC 2021"]
[Site "chess.com INT"]
[Date "2021.09.11"]
[Round "7.2"]
[Board "1"]
[White "Dubov, Daniil"]
[Black "Vocaturo, Daniele"]
[Result "1-0"]
[WhiteTitle "GM"]
[BlackTitle "GM"]
[WhiteElo "2714"]
[BlackElo "2626"]
[WhiteTeam "Russia"]
[BlackTeam "Italy"]
[WhiteFideId "24126055"]
[BlackFideId "813192"]
[EventDate "2021.09.09"]
[EventType "team"]

1. c4 e6 2. Nc3 d5 3. d4 Bb4 4. Nf3 Nf6 5. g3 O-O 6. Bg2 dxc4 7. O-O Nc6 8. Qa4
Nd5 9. Qc2 Be7 10. Rd1 Rb8 11. Bd2 b5 12. b3 Ncb4 13. Qc1 Nxc3 14. Bxc3 Nd5 15.
bxc4 Nxc3 16. Qxc3 b4 17. Qc2 Bb7 18. Ne5 Bf6 19. Bxb7 Rxb7 20. Qe4 Rb6 21. c5
Ra6 22. Qb7 Qc8 23. Qxb4 Bxe5 24. dxe5 Qa8 25. Qb5 Qc6 26. a4 h6 27. h4 Ra8 28.
h5 Kf8 29. f4 Ke8 30. Kf2 f5 31. e4 fxe4 32. Ke3 Rd8 33. Rxd8+ Kxd8 34. Qxc6
Rxc6 35. Rc1 a5 36. Kxe4 Ra6 37. g4 Ra8 38. Rb1 Kd7 39. f5 Rf8 40. Rb5 Ra8 41.
f6 gxf6 42. exf6 Rg8 43. Kf4 e5+ 44. Kxe5 Rxg4 45. c6+ Ke8 46. Rb7 Rxa4 47. Rxc7
Rc4 48. Rc8+ Kf7 49. c7 a4 50. Rh8 1-0

[Event "Online Olym Top DivC 2021"]
[Site "chess.com INT"]
[Date "2021.09.11"]
[Round "7.2"]
[Board "2"]
[White "Moroni, Luca Jr"]
[Black "Artemiev, Vladislav"]
[Result "1/2-1/2"]
[WhiteTitle "GM"]
[BlackTitle "GM"]
[WhiteElo "2566"]
[BlackElo "2699"]
[WhiteTeam "Italy"]
[BlackTeam "Russia"]
[WhiteFideId "865834"]
[BlackFideId "24101605"]
[EventDate "2021.09.09"]
[EventType "team"]

1. d4 Nf6 2. c4 g6 3. Nc3 d5 4. cxd5 Nxd5 5. Bd2 Bg7 6. Nf3 O-O 7. Rc1 Nc6 8.
Bg5 h6 9. Bh4 g5 10. Bg3 g4 11. Ne5 Nxc3 12. Rxc3 Qxd4 13. Qxd4 Nxd4 14. e3 Nc6
15. Rc5 Nxe5 16. Bxe5 b6 17. Bxg7 bxc5 18. Bxf8 Kxf8 19. Bc4 Bb7 20. f3 e6 21.
Ke2 Ke7 22. Rc1 Rg8 23. Kf2 gxf3 24. gxf3 Rd8 25. Ke2 f5 26. Rc3 Rd6 27. Bd3 Rb6
28. b3 Kd6 29. e4 fxe4 30. Bxe4 Bd5 31. Bd3 Rb4 32. Ke3 Rd4 33. f4 a5 34. Rc1 a4
35. Rg1 axb3 36. axb3 Rb4 37. Bc4 Bxc4 38. bxc4 Rxc4 39. Rg6 Kd5 40. Rxh6 Re4+
41. Kf3 c4 42. Rh7 c3 43. Rd7+ Kc6 44. Rd1 Rc4 45. h4 c2 46. Rc1 Kd6 47. Ke3 c5
48. h5 Ke7 49. h6 Kf7 50. Kd3 Rd4+ 51. Ke3 Rc4 52. Kd3 Rxf4 53. Rxc2 Rd4+ 54.
Ke3 Rd5 55. Rh2 Rd8 56. Ke4 c4 57. h7 Kg7 58. Ke5 Re8 59. Rc2 Kxh7 60. Rxc4 Kg6
61. Rf4 Kg7 62. Rf1 Re7 63. Rf2 Rf7 64. Rxf7+ Kxf7 65. Ke4 Kf6 66. Kf4 1/2-1/2